书目信息 |
| 题名: |
中国现代教育史
|
|
| 作者: | 陈元晖 著 | |
| 分册: | ||
| 出版信息: | 北京 人民教育出版社 1979 |
|
| 页数: | 278页 | |
| 开本: | 19cm | |
| 丛书名: | ||
| 单 册: | ||
| 中图分类: | G409.2 | |
| 科图分类: | ||
| 主题词: | 教育史--中国--现代 | |
| 电子资源: | ||
| ISBN: | ||
| 000 | 00588nam0 2200217 45 | |
| 001 | 0179004089 | |
| 005 | 20060725082530.01 | |
| 010 | @dCNY0.62 | |
| 091 | @a7012.064 | |
| 100 | @a19950717d1979 em y0chiy0121 ea | |
| 101 | 0 | @achi |
| 102 | @aCN@b110000 | |
| 105 | @ay z 000yy | |
| 200 | 10 | @a中国现代教育史@Azhong guo xian dai jiao yu shi@f陈元晖著 |
| 210 | @a北京@c人民教育出版社@d1979 | |
| 215 | @a278页@d19cm | |
| 606 | @a教育史@y中国@z现代 | |
| 690 | @aG409.2 | |
| 701 | 0 | @a陈元晖@Achen yuan hui@4著 |
| 801 | 0 | @aCN@bNLC@c20060725 |
| 905 | @f2@b32057-058@f1@b32055@dG409.2@e297 | |
| 中国现代教育史/陈元晖著.-北京:人民教育出版社,1979 |
| 278页;19cm |
| ISBN :CNY0.62 |
| ● |
| 相关链接 |
|
|
|
|
正题名:中国现代教育史
索取号:G409.2/297
 
预约/预借
| 序号 | 登录号 | 条形码 | 馆藏地/架位号 | 状态 | 备注 |
| 1 | 0024093 | 001924350 | 密集书库/ [索取号:G409.2/297] | 在馆 | |
| 2 | 0032055 | 000310274 | 第四借阅区/ [索取号:G409.2/297] | 在馆 | |
| 3 | 0032056 | 001924396 | 密集书库/ [索取号:G409.2/297] | 在馆 | |
| 4 | 0032057 | 000310283 | 第四借阅区/ [索取号:G409.2/297] | 在馆 | |
| 5 | 0032058 | 000310265 | 第四借阅区/ [索取号:G409.2/297] | 在馆 | |
| 6 | 0425070 | 204250700 | 密集书库/ [索取号:G409.2/297] | 在馆 | |
| 7 | 0425071 | 204250719 | 密集书库/ [索取号:G409.2/297] | 在馆 | |
| 8 | 0426023 | 204260236 | 密集书库/ [索取号:G409.2/297] | 在馆 |